| 000 | 00598nam a2200181Ia 4500 | ||
|---|---|---|---|
| 008 | 151018s9999 xx 000 0 und d | ||
| 082 |
_bRBASDV35472 _a891.463 |
||
| 100 | _aसंजय सोनवणी | ||
| 245 | _aसोन्याचा पर्वत | ||
| 250 | _b2 | ||
| 260 |
_bपुष्प प्रकाशन पुणे _c2002 |
||
| 300 | _a48 | ||
| 600 | _aसंजय सोनवणी | ||
| 630 | _aसोन्याचा पर्वत | ||
| 700 | _aसंजय सोनवणी | ||
| 730 | _aसोन्याचा पर्वत | ||
| 942 | _cBOOK | ||
| 999 |
_c1034947 _d1034944 |
||